MDQL
is popping MORE tags! Check the
thread
!
Quizzes
Events
Quiz Creation
Community
Videos
Private Events
Remove Ads
Sign In
Join for FREE
Feedback
Dark Mode
Quiz Categories
Sports
Geography
Music
Movies
Television
Just For Fun
Miscellaneous
History
Literature
Language
Science
Gaming
Entertainment
Religion
Holiday
For Kids
Quiz Lab
Recent
Popular Today
Quiz Kudos Today
Editor Picks
Curator Picks
Quizzes by...
Day
Popularity
Type
Ratings
Length
Year
Community
Subscriptions
Recent Discussions
Orange Saloon
Badges
Playlists
Quests
Create
Leaderboards
Showdown
Live 5
Trivia Bingo
Activity
Puzzle Library
Sporcle Events
Private Events
Virtual Trivia
Globe League
Become a Host
Pub Owners
SporcleCon
Opinionation
Our Games
Videos
Blog
Mobile Apps
Partnerships
Remove Ads and Go Orange
Feedback
Miscellaneous
Crossword
General Knowledge
Baby Names
Logo
Food
Cars
Numbers
Grab Bag
University
College
Popular
Company
Slogans
Restaurants
Justice
Letter
Miscellaneous
Crossword
General Knowledge
Baby Names
Logo
Food
Cars
Numbers
Grab Bag
University
College
Popular
Company
Slogans
Restaurants
Justice
Letter
Random Quiz
Search Sporcle
×
Quiz Lab
Quiz Lab
Miscellaneous
insurance
Type in answers that appear in a list
Type in answers that appear in a list
Classic
Best Score? Go Orange.
Insurance Acronyms Stats
Can you name the Insurance Acronyms?
By
fjc2
6m
29 Questions
17 Plays
17 Plays
17 Plays
Comments
Comments
Give Quiz Kudos
Give Quiz Kudos
-
- Ratings
hide this ad
Replay
Link that replays current quiz
Next Quiz
Link to next quiz in quiz playlist
You Got
0%
They Got
Avg Score
18%
Avg Friend Score
Upgrade to see
Score Distribution
Jump to the score distribution portion of the page
Score
0/29
Timer
06:00
0
Plays Today
Hint
Answer
% Correct
ACV
Actual Cash Value
88.2%
BI
Bodily Injury
47.1%
GL or CGL
General Liability
41.2%
PD
Property Damage
41.2%
WC
Workers' Compensation
41.2%
AI
Additional Insured
29.4%
AL
Automobile Liability
29.4%
E&O
Errors & Omissions
29.4%
EL
Employers Liability
23.5%
BI
Business Interruption
17.6%
DIC
Difference in Conditions
17.6%
EQ
Earthquake
17.6%
NI
Named Insured
17.6%
RC
Replacement Cost
17.6%
SIR
Self Insured Retention
17.6%
Hint
Answer
% Correct
COC
Course of Construction
11.8%
EBL
Employee Benefits Liability
11.8%
RMIS
Risk Management Information System
11.8%
ALAE
Allocated Loss Expense
5.9%
CCC
Care, Custody, or Control
5.9%
CPL
Contractors Pollution Legal Liability
5.9%
OCIP
Owners Contractors Insurance Protective
5.9%
CCIP
Contractors Insurance Protective
0%
D&O
Directors & Officers Legal Liability
0%
DIV
Diminution in Value
0%
EPLI
Employment Related Practices Insurance
0%
EQSL
Earthquake Sprinkler Leakage
0%
GKLL
Garage Keepers Legal Liability
0%
PLL
Pollution Legal Liability
0%
Quiz Playlist
Details
Report
Send in Message
Add To Playlist
Classic:
Type in answers that appear in a list
Last Updated: Aug 14, 2017
Quiz Scoreboard
CHALLENGE
Sign Up to Join the Scoreboard
Show All
Scores
Hide
Comments
May contain spoilers
Recently Published
1-10 Letter E Words III
by El_Dandy
Language
2m
Street Fighter Characters
by Artimus82
Gaming
60s
College Basketball Coaching Resumes
by pancakes188
Sports
9m
More to Explore
Quiz From the Vault
Featured Blog Post
Where Did the Easter Bunny Come From?
hide this ad
You Might Also Like...
Tags
Acronym
insurance
Today's Top Quizzes in Miscellaneous
Browse Miscellaneous
hide this ad
Today's Top Quizzes in insurance
Browse insurance
Top Contributed Quizzes in Miscellaneous
1
5-to-1: Fast Food
2
The JOE quick-fire general knowledge quiz: Day 174
3
The JOE quick-fire general knowledge quiz: Day 173
4
5-to-1: Cocktails
5
The JOE quick-fire general knowledge quiz: Day 172
6
9x9 Crossword: Disney Movie Titles
7
9x9 Crossword: Charlie and the Chocolate Factory
8
Sunday Crossword: Famous Bodies of Water
9
The JOE quick-fire general knowledge quiz: Day 171
10
9x9 Crossword: Flags
Explore More
Trending Topics
Disney
Crossword
Marvel
Harry Potter
Kpop
Anime
NBA
Soccer
Country
Pokémon
WWE
Song
Puzzle
The Office
NFL
hide this ad
More By:
fjc2
Quiz
Plays
Rating
Category
Featured
Created
Insurance Acronyms
17
Miscellaneous
Aug 14, 2017
GB Insurance Coverage Codes (Copy)
2
Miscellaneous
Aug 11, 2015
Go to Creator's Profile
Score Distribution
Quiz Creator Spotlight
fjc2
Follow
Send a Message
Quizzes Created
-
Created Quiz Play Count
-
More By This Creator
Popular Quizzes Today
1
Find the US States - No Outlines Minefield
2
Find the Countries of Europe - No Outlines Minefield
3
The Countries of the World
4
Find the US States
5
Risky Map Clicking: Biggest States A-Z
6
US States
7
Popular People in 1961
8
Movies - When Are They Set?
More Miscellaneous Quizzes
Sunday Crossword: Please Hold
Published
Trending Quizzes
Risky Map Clicking: Least Populous States A-Z
Billboard Blitz: Aretha Franklin
Famous Russians: Author or Composer?
1-10 Letter G Words
Countries of the World: 200 Million BC
Recently Updated
Leaping Animals
pecheneg
Reality TV Shows (A-Z)
bhenderson79
Rickey Henderson's Hall of Fame Teammates
pecheneg
Champions League XIs: Arsenal
pecheneg
Quick Pick: Celebrities in WWE's Hall of Fame
aduchscher
A-Z Keypad Blitz II
pecheneg
Multiple Oscar Actors
pecheneg
Mystery Phrase Blitz: Oscar 'Best Actors'
pecheneg
F. Scott Fitzgerald Novels
LTH
Pick 3 Villains
ddd62291
Trending Topics
Crossword
Marvel
Harry Potter
Kpop
Anime
NBA
Disney
WWE
Song
Puzzle
NFL
Pokémon
Soccer
Country
The Office
Your Account Isn't Verified!
In order to create a playlist on Sporcle, you need to verify the email address you used during registration. Go to your
Sporcle Settings
to finish the process.
Report this User
Report this user for behavior that violates our
Community Guidelines
.
Details:
Send Report
Go to the Sporcle.com Mobile Site →
Comments